| 000 | 00362nam a2200133Ia 4500 | ||
|---|---|---|---|
| 008 | 210430s9999 xx 000 0 und d | ||
| 020 | _a0-1401-9533-5 | ||
| 082 | _a200 P187I | ||
| 100 |
_aCharles Panati _954580 |
||
| 245 |
_aSacred Origins of Profound Things / _cCharles Panati |
||
| 260 |
_aNew York _bPenguin books _c1996 |
||
| 300 | _a594 | ||
| 942 |
_cBK _2ddc |
||
| 999 |
_c565204 _d565204 |
||